Tarjamah Muwaththa' al-Imam Malik R.A. / (Record no. 1295)

000 -LEADER
fixed length control field nam a22 a 4500
003 - CONTROL NUMBER IDENTIFIER
control field AKMAL
005 - DATE AND TIME OF LATEST TRANSACTION
control field 20170509092943.0
008 - FIXED-LENGTH DATA ELEMENTS--GENERAL INFORMATION
fixed length control field 170509s1993 my i00 may d
020 ## - INTERNATIONAL STANDARD BOOK NUMBER
International Standard Book Number 9838850195 (tidak sah : jil. 1)
020 ## - INTERNATIONAL STANDARD BOOK NUMBER
International Standard Book Number 9838850241 (jil. 2):
Terms of availability RM 30.00
040 ## - CATALOGING SOURCE
Original cataloging agency AKMAL
082 04 - DEWEY DECIMAL CLASSIFICATION NUMBER
Classification number 297.61 MAL
090 00 - LOCALLY ASSIGNED LC-TYPE CALL NUMBER (OCLC); LOCAL CALL NUMBER (RLIN)
Classification number (OCLC) (R) ; Classification number, CALL (RLIN) (NR) 297.61
Local cutter number (OCLC) ; Book number/undivided call number, CALL (RLIN) MAL
100 0# - MAIN ENTRY--PERSONAL NAME
Personal name Malik ibn Anas,
Dates associated with a name d. 795
9 (RLIN) 2563
240 10 - UNIFORM TITLE
Uniform title Mawatta'.
Language of a work Indonesian
245 10 - TITLE STATEMENT
Title Tarjamah Muwaththa' al-Imam Malik R.A. /
Statement of responsibility, etc. terjemah oleh Kh Adib Bisri Musthofa Dkk
250 ## - EDITION STATEMENT
Edition statement Ed. Malaysia
260 ## - PUBLICATION, DISTRIBUTION, ETC.
Place of publication, distribution, etc. Kuala Lumpur :
Name of publisher, distributor, etc. Victory Agencie,
Date of publication, distribution, etc. 1993
300 ## - PHYSICAL DESCRIPTION
Extent 2 jil. ;
Dimensions 21cm
500 ## - GENERAL NOTE
General note Terjemahan dari: Muwaththo' Al-Imam Malik RA
500 ## - GENERAL NOTE
General note Pertamakali diterbitkan: Cv Asy Syifa' : Semarang, Indonesia
500 ## - GENERAL NOTE
General note Mengandungi ayat-ayat dari Quran
650 ## - SUBJECT ADDED ENTRY--TOPICAL TERM
Topical term or geographic name entry element Islamic law
Form subdivision Early works to 1800
9 (RLIN) 2564
650 ## - SUBJECT ADDED ENTRY--TOPICAL TERM
Topical term or geographic name entry element Hadith
General subdivision Early works to 1800
9 (RLIN) 2565
650 ## - SUBJECT ADDED ENTRY--TOPICAL TERM
Topical term or geographic name entry element Malikites
General subdivision Early works to 1800
9 (RLIN) 2566
700 1# - ADDED ENTRY--PERSONAL NAME
Personal name Mustafa, Bisri
9 (RLIN) 2567
942 ## - ADDED ENTRY ELEMENTS (KOHA)
Source of classification or shelving scheme
Koha item type Book
Holdings
Withdrawn status Lost status Source of classification or shelving scheme Damaged status Not for loan Collection code Home library Current library Shelving location Date acquired Inventory number Total Checkouts Full call number Barcode Date last seen Price effective from Koha item type
          NON-FICTION AKMAL Melaka AKMAL Melaka PINJAMAN 09.05.2017 00448   297.61 MAL 201702460 09.05.2017 09.05.2017 Book
Pusat Sumber Maklumat Dato' Haji Sarmin Md Hussin, Akademi Kastam Diraja Malaysia, Melaka
Tel: 06-2331106 | Faks: 06-2313787